00633nam a22001697a 4500003000500000005001700005008004100022020002900063040002900092041001200121082001900133100002400152245002700176260004600203300004400249520017000293322820230206130647.0230206b sa ||||| |||| 00| 0 eng d a9780431150765qPaperback aOCLCbEnglishcRDAd3228 dEnglish a551.5253 CHAMB aChambers, Catherine aWild Weather: Heatwave aGreat Britain:bHeinemann Library;c2003. a32 PagesbIllustration, Colouredc22 cm aDescribes what causes heat waves, the conditions that exist during a heat wave, their harmful and beneficial effects, and their impact on humans, plants, and animals